| 000 | 00562nam a2200181Ia 4500 | ||
|---|---|---|---|
| 003 | GCL | ||
| 008 | 140319s9999 xx 000 0 ara d | ||
| 040 |
_aGCL / _cGCL |
||
| 082 | 0 | 4 |
_a327.1 _bم و |
| 100 | 1 | _aمحمود عوض | |
| 245 | 1 | 0 |
_aوعليكم السلام (هدية من مكتبة الاديب عبد الفتاح الجمل) / _cمحمود عوض |
| 300 | _a559 | ||
| 490 | _a | ||
| 650 | 0 | 4 | _aالنزاع العربى الاسرائيلى |
| 650 | 0 | 4 | _aالشرق الاوسط |
| 650 | 0 | 4 | _aالعلاقات الدولية |
| 942 |
_2ddc _cBK |
||
| 999 |
_c38087 _d38087 |
||